Project managemnet: A managerial approach (Record no. 2518)

MARC details
000 -LEADER
fixed length control field 00437nam a2200169Ia 4500
008 - FIXED-LENGTH DATA ELEMENTS--GENERAL INFORMATION
fixed length control field 130318s9999 xx 000 0 und d
020 ## - INTERNATIONAL STANDARD BOOK NUMBER
International Standard Book Number 9788126517466
082 ## - DEWEY DECIMAL CLASSIFICATION NUMBER
Classification number 58.404 MER/P
100 ## - MAIN ENTRY--PERSONAL NAME
Personal name Meredith, Jack R
245 ## - TITLE STATEMENT
Title Project managemnet: A managerial approach
250 ## - EDITION STATEMENT
Edition statement 6
260 ## - PUBLICATION, DISTRIBUTION, ETC.
Name of publisher, distributor, etc. Wiley
Place of publication, distribution, etc. U.S.A
Date of publication, distribution, etc. 2006
300 ## - PHYSICAL DESCRIPTION
Extent 666
Accompanying material 3 CD's
650 ## - SUBJECT ADDED ENTRY--TOPICAL TERM
Topical term or geographic name entry element MANAGEMENT
650 ## - SUBJECT ADDED ENTRY--TOPICAL TERM
Topical term or geographic name entry element ORGANISATIONAL PROJECTS
700 ## - ADDED ENTRY--PERSONAL NAME
Personal name Mantel, Samuel J
Holdings
Withdrawn status Lost status Source of classification or shelving scheme Damaged status Not for loan Collection code Home library Current library Shelving location Date acquired Cost, normal purchase price Total Checkouts Full call number Barcode Date last seen Date last checked out Price effective from Koha item type
    Dewey Decimal Classification     Project Management Kerala University of Digital Sciences, Innovation and Technology Knowledge Centre Kerala University of Digital Sciences, Innovation and Technology Knowledge Centre Management 18/03/2013 526.00 2 658.404 MER/P 2538 03/12/2020 14/02/2017 18/03/2013 Books